| 000 | 00420cam a2200169ua 4500 | ||
|---|---|---|---|
| 041 |
_aeng _h |
||
| 082 |
_a828.09 _bLAS/JA |
||
| 100 | _aLascelles, Marg . | ||
| 245 |
_aJane Austen and her art / _cMarg Lascellesq. _hTextual Documents |
||
| 250 |
_a1 / _b. |
||
| 260 |
_aLondon : _bOxford University Press , _c1965. |
||
| 300 | _a225 ; . | ||
| 504 | _a | ||
| 942 | _cBK | ||
| 999 |
_c6894 _d6894 |
||